Регионална библиотека "Любен Каравелов" - Русе

Наследниците (Запис номер 175646)

MARC детайли
000 -Лидер
Контролно поле с фиксирана дължина 01640nam a2200373 c 4500
003 - Код на организацията, давaща контролен номер
Контролно поле BLK
005 - Дата и час на последна редакция
Контролно поле 20220820113025.0
008 - Елементи от данни с фиксирана дължина
fixed length control field 180411b bul|||||r ||||||| ||bul||
010 ## - Наследен системен номер
LC control number KNG00184240000
020 ## - Международен стандартен номер на книга ISBN
Международен стандартен номер на книга ISBN 978-954-27-1606-8
-- издат.: Егмонт България
040 ## - Източник на каталожния запис
Идентификатор на билиотеката - собственик на записа BLK
041 ## - Код за език
Код за езика на текст/звукозапис или на отделно заглавие Български
Код за езика КДБФ Български
072 #7 - Код за тематичната категория
Код организация bullib
Код за тематична категория Н85
Текст Детска художествена литература Н
080 ## - УДК
Текстов определител УДК Американска литература (на САЩ)
УДК код - определител по УДК 821.111(73)
УДК определител -93-91
УДК - код + определител 821.111(73)-93-91
139 ## - Редно поле
Редна дума Грийн, Рико
Авторски знак Григ - Г 82
245 10 - Сведения за заглавието
Заглавие Наследниците
Подзаглавни данни Ист. от филма : С 8 с. сн.
Редно поле (дума) адапт. Рико Грийн; сценарист Джозан МакГибън; сценарист Сара Париът; прев. Кристина Георгиева.
257 ## - Страна на издаване
Страна на създаване/издаване Съединени американски щати
260 ## - Област на издателските данни
-- София
Име на издателя, разпространителя и проч. Егмонт България
Година на издаване 2015
Печатница София : Инвестпрес
300 ## - Физическа характеристика
Страници 144 с., 4 л.
Илюстрации и др. сн.
Размери/Мащаб 21 см
380 ## - Жанр
Жанр Детска худож. лит.
500 ## - Общи забележки
Забележка Ориг. загл. Descendants, A Novelization.
653 ## - Ключова дума – ненормативна
Ключова дума литература за деца
653 ## - Ключова дума – ненормативна
Ключова дума детска литература
659 ## - Тематичен бюлетин
Тематичен бюлетин Н
700 1# - Други автори (авторска отговорност)
Лично име Грийн, Рико
Автороска отговорност (Описва отношението между автора и произведението) адапт.
9 (RLIN) 340260
700 1# - Други автори (авторска отговорност)
Лично име МакГибън, Джозан
Автороска отговорност (Описва отношението между автора и произведението) сценарист
9 (RLIN) 340261
700 1# - Други автори (авторска отговорност)
Лично име Париът, Сара
Автороска отговорност (Описва отношението между автора и произведението) сценарист
9 (RLIN) 106776
700 1# - Други автори (авторска отговорност)
Лично име Георгиева, Кристина
Автороска отговорност (Описва отношението между автора и произведението) прев.
9 (RLIN) 380209
852 ## - Местоположение
Форматна сигнатура Цб 277753
856 4# - Електронен адрес и достъп
Електронен формат pdf - файл
Път до файла /url/
856 4# - Електронен адрес и достъп
Електронен формат pdf - файл
Път до файла /url/
942 ## - АРТИКУЛИ
Вид на библиотечния материал Книги
Скрит в OPAC Не
Koha issues (borrowed), all copies 8
944 ## - СЪЗДАВАНЕ И РЕДАКЦИЯ на ЗАПИСА
Създаване/Редакция Създаване
Дата на регистрацията/редакция 28.10.2015
Статус, дата на статуса ф /
Служител, извършил регистрацията/редакцията Виолета_Тройчева
944 ## - СЪЗДАВАНЕ И РЕДАКЦИЯ на ЗАПИСА
Създаване/Редакция Редакция
Дата на регистрацията/редакция 25.05.2016
Статус, дата на статуса ф /
Служител, извършил регистрацията/редакцията Виолета_Тройчева
999 ## - СИСТЕМНИ КОНТРОЛНИ НОМЕРА
Koha biblionumber 175646
Koha biblioitemnumber 175646
Наличности
Код за отписване Код за изгубен артикул Код за повреда Коз за рестрикции Код за отдаване Артикулен № Име на библиотеката - собственик Име на библиотеката, в която се намира в момента Статус (Текущо местоположение) Дата на вписване в системата Местоположение - отдел Цена в лева Инвентарен номер Систематично азбучна сигнатура Баркод Номер на екземпляра Цена в евро Служебна бележка Служебен тип на артикула Източник на класификационната схема
  Не е изгубен Не е повреден без рестрикции заемане за дома 302341 Регионална библиотека "Любен Каравелов" Русе Регионална библиотека "Любен Каравелов" Русе Детски отдел 2015-10-29 Детски отдел 5.45 120000794196 ДХ 820/899/Г 82 120000794196 1 2.79 Дост: Pk Вид: Ф N: 555 Дата: 23.10.2015 Дата инв: 09.11.2015 Бележки инв: Д2015 Книги  
  Не е изгубен Не е повреден без рестрикции заемане за дома 302342 Регионална библиотека "Любен Каравелов" Русе Регионална библиотека "Любен Каравелов" Русе Детски отдел 2015-10-29 Детски отдел 5.45 120000794197 ДХ 820/899/Г 82 120000794197 2 2.79 Дост: Pk Вид: Ф N: 555 Дата: 23.10.2015 Дата инв: 09.11.2015 Бележки инв: Д2015 Книги  
  Не е изгубен Не е повреден без рестрикции ползва се в читалня 302343 Регионална библиотека "Любен Каравелов" Русе Регионална библиотека "Любен Каравелов" Русе Хранилище 2016-05-20 Хранилище 6.99 120000800236 Цб 277753 120000800236 3 3.57 Дост: Dp Вид: Д N: 15 Дата: 24.03.2016 Книги  
  Не е изгубен Не е повреден без рестрикции заемане за дома 693092 Регионална библиотека "Любен Каравелов" Русе Регионална библиотека "Любен Каравелов" Русе Детски отдел 2019-03-13 Детски отдел 6.99   ДХ 820/899/Г 82 120000830908   3.57   Книги Universal Decimal Classification
Vip Innovations Ltd, Rousse, Bulgaria 2025